000 00610nam a22002177a 4500
003 UA-OsUOA
001 38343
007 ta
008 20060504b un ||||| |||| 00| 0 ukr d
100 _aСысоев Е.В.
090 _a32
_bС11
942 _cSA
040 _aUA-OsUOA
_brus
_cUA-OsUOA
_dUA-OsUOA
245 _aТолерантность этнически неоднородного сельского населения и типология ее носителей
300 _a71-77 с.
955 _a0
041 _arus
080 _a32
773 0 _w38340
650 7 _a32 Політика
_2UDC
999 _c324510
_d324510